First Word TV Dramas Quiz Stats

 Plays Quiz Updated Sep 1, 2018

Score 0/30 Timer 04:00
3 Plays Today
First Word % Correct
Law
97%
Game
97%
House
97%
Orange
96.1%
Buffy
96%
Grey's
95.5%
Hawaii
94.5%
Beverly
94%
Little
94%
Six
93.2%
Breaking
92.9%
Miami
91.9%
Sons
91.1%
This
89.7%
Downton
87.8%
First Word % Correct
Ally
86.7%
Friday
86.5%
Dawson's
85.9%
Veronica
77.3%
Mad
77.2%
Quantum
76.3%
Party
74.1%
Hill
72.3%
Knight
65.1%
Black
62.6%
Peaky
58.2%
NYPD
52.9%
Prison
52.6%
Boston
45.2%
77
30.5%

You're not logged in!

Compare scores with friends on all Sporcle quizzes.
OR
Log In

Sporcle TV

Today on Sporcle TV


Watch our educational content, quiz creation guides, and fun videos on Sporcle TV.

Show Comments

Extras

Top Quizzes Today


Score Distribution

Your Account Isn't Verified!

In order to create a playlist on Sporcle, you need to verify the email address you used during registration. Go to your Sporcle Settings to finish the process.

Report this User

Report this user for behavior that violates our Community Guidelines.

Details: